000 00698nam a2200289Ia 4500
005 20260324123854.0
008 008 260324s9999 xx 000 0 eng d
020 _a9780203093191
037 _aEBOOK
040 _aCRL
040 _beng
040 _cCRL
041 _2eng
041 _aeng
084 _qCRL
100 _aChris Sarra
_91171977
245 0 _aStrong and Smart - Towards a Pedagogy for Emancipation
245 0 _bEducation for First Peoples
260 _bTaylor and Francis
260 _c2011
365 _a
365 _b240
856 _uhttp://www.taylorfrancis.com/books/9780203093191
942 _cEBOOK
999 _c1765856
_d1765856